[Event "World Chess Olympiad 2018"]
[Site "Batumi"]
[Date "2018.10.02"]
[Round "8"]
[Board "2"]
[WhiteFideId "2905540"]
[White "Cheparinov Ivan"]
[BlackFideId "13902393"]
[Black "Hamitevici Vladimir"]
[Result "1/2-1/2"]
[LiveChessVersion "1.4.8"]
[BlackElo "2505"]
[WhiteElo "2715"]

1. e4 {[%clk 1:30:57]} e5 {[%clk 1:29:55]} 2. Nf3 {[%clk 1:31:20]} Nc6
{[%clk 1:30:12]} 3. Bb5 {[%clk 1:31:40]} a6 {[%clk 1:30:00]} 4. Ba4
{[%clk 1:32:05]} Nf6 {[%clk 1:27:56]} 5. O-O {[%clk 1:32:21]} b5 {[%clk 1:26:38]}
6. Bb3 {[%clk 1:32:45]} Bb7 {[%clk 1:24:46]} 7. Re1 {[%clk 1:33:01]} Bc5
{[%clk 1:23:18]} 8. c3 {[%clk 1:33:18]} d6 {[%clk 1:20:37]} 9. d4
{[%clk 1:33:38]} Bb6 {[%clk 1:20:57]} 10. a4 {[%clk 1:31:59]} O-O
{[%clk 1:19:44]} 11. Bg5 {[%clk 1:29:54]} h6 {[%clk 1:17:07]} 12. Bh4
{[%clk 1:28:21]} Re8 {[%clk 1:13:16]} 13. Bd5 {[%clk 1:01:11]} exd4
{[%clk 1:05:51]} 14. cxd4 {[%clk 1:00:24]} g5 {[%clk 1:02:09]} 15. Nxg5
{[%clk 0:51:08]} Nxd5 {[%clk 1:02:11]} 16. Nf3 {[%clk 0:49:55]} Qd7
{[%clk 0:57:49]} 17. exd5 {[%clk 0:49:04]} Nxd4 {[%clk 0:54:33]} 18. Rxe8+
{[%clk 0:39:02]} Rxe8 {[%clk 0:54:45]} 19. Nxd4 {[%clk 0:39:26]} Bxd4
{[%clk 0:55:04]} 20. Nc3 {[%clk 0:39:27]} Bxc3 {[%clk 0:53:05]} 21. bxc3
{[%clk 0:38:20]} Qf5 {[%clk 0:53:22]} 22. axb5 {[%clk 0:37:47]} axb5
{[%clk 0:53:35]} 23. h3 {[%clk 0:36:36]} Qxd5 {[%clk 0:42:23]} 24. Qxd5
{[%clk 0:33:30]} Bxd5 {[%clk 0:42:46]} 25. Ra7 {[%clk 0:31:20]} Rc8
{[%clk 0:41:24]} 26. Be7 {[%clk 0:27:35]} h5 {[%clk 0:37:13]} 27. Kh2
{[%clk 0:26:59]} Kh7 {[%clk 0:35:36]} 28. g4 {[%clk 0:27:04]} hxg4
{[%clk 0:21:36]} 29. hxg4 {[%clk 0:27:19]} Rb8 {[%clk 0:20:12]} 30. Rxc7
{[%clk 0:27:43]} Rb7 {[%clk 0:20:37]} 1/2-1/2

[Event "World Chess Olympiad 2018"]
[Site "Batumi"]
[Date "2018.10.02"]
[Round "8"]
[Board "3"]
[WhiteFideId "13900463"]
[White "Svetushkin Dmitry"]
[BlackFideId "13602071"]
[Black "Pantsulaia Levan"]
[Result "1-0"]
[LiveChessVersion "1.4.8"]
[BlackElo "2589"]
[WhiteElo "2580"]

1. e4 {[%clk 1:30:56]} c6 {[%clk 1:30:49]} 2. d4 {[%clk 1:31:20]} d5
{[%clk 1:31:13]} 3. e5 {[%clk 1:31:45]} Bf5 {[%clk 1:31:36]} 4. Nf3
{[%clk 1:31:21]} e6 {[%clk 1:31:46]} 5. Be2 {[%clk 1:31:44]} Nd7 {[%clk 1:32:02]}
6. O-O {[%clk 1:32:01]} Bb4 {[%clk 1:32:03]} 7. Nbd2 {[%clk 1:31:46]} Ba5
{[%clk 1:32:26]} 8. Nb3 {[%clk 1:32:03]} Bc7 {[%clk 1:32:24]} 9. Bg5
{[%clk 1:32:20]} Ne7 {[%clk 1:29:02]} 10. Nh4 {[%clk 1:32:35]} Be4
{[%clk 1:28:15]} 11. f3 {[%clk 1:32:23]} Bg6 {[%clk 1:21:48]} 12. f4
{[%clk 1:26:52]} f6 {[%clk 1:14:49]} 13. exf6 {[%clk 1:25:33]} gxf6
{[%clk 1:15:11]} 14. Bh6 {[%clk 1:24:42]} Qb8 {[%clk 0:52:07]} 15. Bd3
{[%clk 1:17:25]} Kf7 {[%clk 0:50:01]} 16. Qe2 {[%clk 1:12:59]} Re8
{[%clk 0:49:24]} 17. Rae1 {[%clk 1:11:23]} Nf5 {[%clk 0:47:24]} 18. Nxf5
{[%clk 1:04:20]} exf5 {[%clk 0:47:43]} 19. Qf3 {[%clk 1:03:45]} Nb6
{[%clk 0:21:42]} 20. h4 {[%clk 0:57:32]} Nc4 {[%clk 0:21:51]} 21. h5
{[%clk 0:52:59]} Nd6 {[%clk 0:22:17]} 22. g4 {[%clk 0:52:46]} Rh8
{[%clk 0:12:25]} 23. Re2 {[%clk 0:38:43]} Qc8 {[%clk 0:08:15]} 24. g5
{[%clk 0:28:18]} Ne4 {[%clk 0:06:57]} 25. Rg2 {[%clk 0:28:20]} Qg8
{[%clk 0:04:32]} 26. Qh3 {[%clk 0:23:28]} Qd8 {[%clk 0:03:27]} 27. Nc5
{[%clk 0:20:35]} Bb6 {[%clk 0:02:18]} 28. Nxe4 {[%clk 0:14:32]} fxe4
{[%clk 0:02:23]} 29. f5 {[%clk 0:14:27]} Bxd4+ {[%clk 0:02:49]} 30. Kh1
{[%clk 0:14:53]} exd3 {[%clk 0:01:30]} 31. fxg6+ {[%clk 0:14:44]} hxg6
{[%clk 0:01:59]} 32. hxg6+ {[%clk 0:13:21]} 1-0

[Event "World Chess Olympiad 2018"]
[Site "Batumi"]
[Date "2018.10.02"]
[Round "8"]
[Board "4"]
[WhiteFideId "13602543"]
[White "Jojua Davit"]
[BlackFideId "13900897"]
[Black "Morozov Nichita"]
[Result "1-0"]
[LiveChessVersion "1.4.8"]
[BlackElo "2452"]
[WhiteElo "2590"]

1. d4 {[%clk 1:30:57]} d5 {[%clk 1:30:56]} 2. c4 {[%clk 1:31:20]} c6
{[%clk 1:31:22]} 3. Nf3 {[%clk 1:31:08]} Nf6 {[%clk 1:31:47]} 4. e3
{[%clk 1:31:31]} Bf5 {[%clk 1:32:12]} 5. Nc3 {[%clk 1:31:49]} e6 {[%clk 1:32:39]}
6. Nh4 {[%clk 1:32:05]} Be4 {[%clk 1:33:06]} 7. f3 {[%clk 1:31:55]} Bg6
{[%clk 1:33:32]} 8. Qb3 {[%clk 1:31:21]} Qc7 {[%clk 1:33:59]} 9. Bd2
{[%clk 1:31:14]} Be7 {[%clk 1:34:25]} 10. Rc1 {[%clk 1:31:20]} Ne4
{[%clk 1:31:55]} 11. fxe4 {[%clk 1:09:21]} Bxh4+ {[%clk 1:32:20]} 12. g3
{[%clk 1:09:47]} dxc4 {[%clk 1:27:38]} 13. Qxc4 {[%clk 1:05:16]} Be7
{[%clk 1:25:39]} 14. e5 {[%clk 1:01:57]} O-O {[%clk 1:15:43]} 15. Bg2
{[%clk 1:01:07]} Qb6 {[%clk 1:11:17]} 16. Na4 {[%clk 0:45:29]} Qa6
{[%clk 1:10:44]} 17. Qxa6 {[%clk 0:22:45]} Nxa6 {[%clk 1:11:09]} 18. a3
{[%clk 0:23:02]} Rad8 {[%clk 0:57:30]} 19. O-O {[%clk 0:17:50]} Bd3
{[%clk 0:51:37]} 20. Rfd1 {[%clk 0:17:14]} Be2 {[%clk 0:49:34]} 21. Re1
{[%clk 0:17:40]} Bb5 {[%clk 0:49:58]} 22. Nc3 {[%clk 0:17:52]} Bc4
{[%clk 0:50:24]} 23. b4 {[%clk 0:14:54]} Nc7 {[%clk 0:45:38]} 24. Ne4
{[%clk 0:14:14]} Bd5 {[%clk 0:43:57]} 25. Nc5 {[%clk 0:13:15]} Bxg2
{[%clk 0:33:30]} 26. Kxg2 {[%clk 0:13:41]} Bxc5 {[%clk 0:33:53]} 27. bxc5
{[%clk 0:14:05]} Rd7 {[%clk 0:34:02]} 28. Rb1 {[%clk 0:08:03]} Ne8
{[%clk 0:27:43]} 29. Rb2 {[%clk 0:02:22]} f6 {[%clk 0:26:45]} 30. Reb1
{[%clk 0:02:29]} Rff7 {[%clk 0:27:08]} 31. Bc3 {[%clk 0:01:54]} fxe5
{[%clk 0:26:05]} 32. dxe5 {[%clk 0:02:20]} Rd3 {[%clk 0:16:27]} 33. Bd4
{[%clk 0:02:43]} Rxa3 {[%clk 0:16:53]} 34. Rxb7 {[%clk 0:02:51]} Ra2+
{[%clk 0:17:20]} 35. R7b2 {[%clk 0:01:10]} Rxb2+ {[%clk 0:17:34]} 36. Rxb2
{[%clk 0:01:39]} Rd7 {[%clk 0:12:11]} 37. Ra2 {[%clk 0:01:05]} Nc7
{[%clk 0:08:49]} 38. Rxa7 {[%clk 0:01:27]} Kf7 {[%clk 0:09:18]} 39. Kf3
{[%clk 0:00:35]} Ke7 {[%clk 0:09:36]} 40. Ke4 {[%clk 0:30:38]} Nd5
{[%clk 0:38:03]} 41. Ra6 {[%clk 0:30:32]} Rc7 {[%clk 0:38:31]} 42. h4
{[%clk 0:29:25]} Kd7 {[%clk 0:35:51]} 43. Ra8 {[%clk 0:28:26]} Rc8
{[%clk 0:36:10]} 44. Ra1 {[%clk 0:28:50]} Rb8 {[%clk 0:34:59]} 45. Kd3
{[%clk 0:25:00]} Nc7 {[%clk 0:30:25]} 46. h5 {[%clk 0:24:15]} Rf8
{[%clk 0:28:26]} 47. Ke2 {[%clk 0:22:16]} Nb5 {[%clk 0:28:29]} 48. Bb2
{[%clk 0:21:25]} Kc7 {[%clk 0:27:09]} 49. Ra4 {[%clk 0:20:58]} Kd7
{[%clk 0:26:25]} 50. Rf4 {[%clk 0:16:51]} Ke7 {[%clk 0:26:49]} 51. g4
{[%clk 0:16:12]} Rf7 {[%clk 0:22:09]} 52. Ra4 {[%clk 0:14:10]} Rf8
{[%clk 0:22:36]} 53. Ra6 {[%clk 0:14:14]} Kd7 {[%clk 0:23:03]} 54. Bc1
{[%clk 0:14:01]} Nc7 {[%clk 0:22:01]} 55. Ra4 {[%clk 0:12:10]} Ra8
{[%clk 0:19:56]} 56. Rd4+ {[%clk 0:11:31]} Ke7 {[%clk 0:20:12]} 57. Rd6
{[%clk 0:11:30]} Ra6 {[%clk 0:19:42]} 58. e4 {[%clk 0:11:52]} h6 {[%clk 0:19:01]}
59. g5 {[%clk 0:12:10]} Nb5 {[%clk 0:18:53]} 60. gxh6 {[%clk 0:11:49]} gxh6
{[%clk 0:19:00]} 61. Bxh6 {[%clk 0:09:52]} Nxd6 {[%clk 0:17:33]} 62. exd6+
{[%clk 0:10:15]} Kf6 {[%clk 0:18:00]} 63. Bf8 {[%clk 0:04:31]} e5
{[%clk 0:12:33]} 64. h6 {[%clk 0:02:07]} Ra2+ {[%clk 0:12:53]} 65. Kf3
{[%clk 0:01:53]} Ke6 {[%clk 0:12:27]} 66. Bg7 {[%clk 0:00:59]} Rh2
{[%clk 0:12:52]} 67. Kg4 {[%clk 0:01:12]} Rh1 {[%clk 0:12:41]} 68. Kg5
{[%clk 0:01:37]} Rg1+ {[%clk 0:12:12]} 69. Kh5 {[%clk 0:02:03]} Rh1+
{[%clk 0:11:11]} 70. Kg6 {[%clk 0:02:29]} Rg1+ {[%clk 0:11:30]} 71. Kh7
{[%clk 0:02:52]} Kf7 {[%clk 0:11:47]} 72. Bxe5 {[%clk 0:03:17]} Rd1
{[%clk 0:12:16]} 73. Bg7 {[%clk 0:03:21]} Rd3 {[%clk 0:12:41]} 74. e5
{[%clk 0:02:53]} Rd5 {[%clk 0:13:09]} 75. Bf6 {[%clk 0:02:22]} Rd3
{[%clk 0:13:26]} 76. Bg5 {[%clk 0:02:24]} Rd5 {[%clk 0:13:52]} 77. e6+
{[%clk 0:02:32]} Kxe6 {[%clk 0:14:13]} 78. Kg6 {[%clk 0:02:58]} 1-0

[Event "World Chess Olympiad 2018"]
[Site "Batumi"]
[Date "2018.10.02"]
[Round "8"]
[Board "1"]
[WhiteFideId "927031"]
[White "Popovic Dusan"]
[BlackFideId "922412"]
[Black "Djukic Nikola"]
[Result "0-1"]
[LiveChessVersion "1.4.8"]
[BlackElo "2567"]
[WhiteElo "2517"]

1. e4 {[%clk 1:30:56]} c5 {[%clk 1:30:55]} 2. Nf3 {[%clk 1:31:21]} d6
{[%clk 1:31:20]} 3. d4 {[%clk 1:31:44]} cxd4 {[%clk 1:31:44]} 4. Qxd4
{[%clk 1:32:10]} Nc6 {[%clk 1:32:00]} 5. Bb5 {[%clk 1:32:07]} a6 {[%clk 1:32:16]}
6. Bxc6+ {[%clk 1:31:33]} bxc6 {[%clk 1:32:40]} 7. c4 {[%clk 1:29:07]} e5
{[%clk 1:33:02]} 8. Qd3 {[%clk 1:29:16]} Nf6 {[%clk 1:33:25]} 9. Nc3
{[%clk 1:28:13]} Qc7 {[%clk 1:33:45]} 10. O-O {[%clk 1:28:21]} Be7
{[%clk 1:34:08]} 11. b3 {[%clk 1:14:27]} O-O {[%clk 1:34:16]} 12. Bb2
{[%clk 1:13:01]} Bb7 {[%clk 1:30:46]} 13. Rac1 {[%clk 1:09:23]} Rad8
{[%clk 1:25:10]} 14. Rfd1 {[%clk 1:01:26]} c5 {[%clk 1:21:00]} 15. Rc2
{[%clk 0:48:56]} Qc8 {[%clk 1:03:47]} 16. Re1 {[%clk 0:43:11]} Qe6
{[%clk 0:46:30]} 17. Bc1 {[%clk 0:41:04]} Nd7 {[%clk 0:41:26]} 18. Nd5
{[%clk 0:39:24]} Nb8 {[%clk 0:41:40]} 19. a3 {[%clk 0:30:04]} a5 {[%clk 0:35:15]}
20. Bd2 {[%clk 0:29:30]} Nc6 {[%clk 0:35:32]} 21. Rb2 {[%clk 0:28:38]} Rb8
{[%clk 0:31:26]} 22. Bc3 {[%clk 0:26:49]} Bd8 {[%clk 0:27:32]} 23. Bd2
{[%clk 0:19:34]} Bc8 {[%clk 0:22:48]} 24. Ne3 {[%clk 0:14:39]} g6
{[%clk 0:16:52]} 25. Nd5 {[%clk 0:12:37]} f5 {[%clk 0:16:15]} 26. Bh6
{[%clk 0:10:18]} Rf7 {[%clk 0:16:23]} 27. Bg5 {[%clk 0:04:39]} Qe8
{[%clk 0:11:42]} 28. h4 {[%clk 0:04:31]} fxe4 {[%clk 0:08:22]} 29. Qxe4
{[%clk 0:04:42]} Bf5 {[%clk 0:08:47]} 30. Qe3 {[%clk 0:04:06]} Nd4
{[%clk 0:09:00]} 31. Bxd8 {[%clk 0:03:10]} Qxd8 {[%clk 0:08:12]} 32. Nxd4
{[%clk 0:01:27]} cxd4 {[%clk 0:08:30]} 33. Qg5 {[%clk 0:01:02]} Be6
{[%clk 0:06:16]} 34. Qxd8+ {[%clk 0:00:47]} Rxd8 {[%clk 0:06:40]} 35. b4
{[%clk 0:00:48]} axb4 {[%clk 0:06:51]} 36. Rxb4 {[%clk 0:00:38]} Bxd5
{[%clk 0:04:43]} 37. cxd5 {[%clk 0:01:03]} Ra8 {[%clk 0:05:10]} 38. a4
{[%clk 0:00:36]} Ra5 {[%clk 0:05:15]} 39. Ra1 {[%clk 0:00:33]} Rfa7
{[%clk 0:05:19]} 40. Rb8+ {[%clk 0:30:31]} Kf7 {[%clk 0:34:29]} 41. Kf1
{[%clk 0:21:34]} Rxd5 {[%clk 0:25:53]} 42. Ke2 {[%clk 0:21:35]} Rc5
{[%clk 0:24:38]} 43. Kd2 {[%clk 0:19:33]} Ke6 {[%clk 0:22:17]} 44. Ra2
{[%clk 0:19:09]} Kd5 {[%clk 0:18:39]} 45. Rb4 {[%clk 0:17:51]} Rca5
{[%clk 0:16:22]} 46. Kc2 {[%clk 0:17:17]} Rc7+ {[%clk 0:15:35]} 47. Kd2
{[%clk 0:16:33]} Rc4 {[%clk 0:12:34]} 48. Rxc4 {[%clk 0:15:12]} Kxc4
{[%clk 0:12:59]} 49. Rc2+ {[%clk 0:14:11]} Kb3 {[%clk 0:10:47]} 50. Rc7
{[%clk 0:13:34]} Rxa4 {[%clk 0:09:08]} 51. Kd3 {[%clk 0:06:37]} Ra2
{[%clk 0:04:13]} 52. Rb7+ {[%clk 0:05:53]} Ka3 {[%clk 0:04:38]} 53. Ra7+
{[%clk 0:03:22]} Kb2 {[%clk 0:05:03]} 54. Rxh7 {[%clk 0:01:34]} Kc1
{[%clk 0:05:28]} 55. Rd7 {[%clk 0:00:47]} Rxf2 {[%clk 0:05:28]} 56. Rxd6
{[%clk 0:00:51]} Rxg2 {[%clk 0:05:48]} 57. Ke4 {[%clk 0:00:35]} Re2+
{[%clk 0:05:16]} 58. Kf3 {[%clk 0:00:56]} Re3+ {[%clk 0:05:06]} 59. Kf2
{[%clk 0:01:11]} Rh3 {[%clk 0:04:44]} 60. Rd5 {[%clk 0:00:44]} Rxh4
{[%clk 0:03:36]} 61. Rxe5 {[%clk 0:01:06]} d3 {[%clk 0:03:50]} 62. Rc5+
{[%clk 0:00:33]} Kd2 {[%clk 0:03:37]} 0-1

[Event "World Chess Olympiad 2018"]
[Site "Batumi"]
[Date "2018.10.02"]
[Round "8"]
[Board "2"]
[WhiteFideId "900885"]
[White "Blagojevic Dragisa"]
[BlackFideId "912336"]
[Black "Zajic Milan"]
[Result "1/2-1/2"]
[LiveChessVersion "1.4.8"]
[BlackElo "2497"]
[WhiteElo "2476"]

1. d4 {[%clk 1:30:55]} Nf6 {[%clk 1:30:56]} 2. c4 {[%clk 1:31:17]} e6
{[%clk 1:31:21]} 3. Nf3 {[%clk 1:31:38]} d5 {[%clk 1:31:45]} 4. g3
{[%clk 1:31:56]} Be7 {[%clk 1:32:03]} 5. Bg2 {[%clk 1:32:16]} O-O
{[%clk 1:32:23]} 6. O-O {[%clk 1:32:34]} dxc4 {[%clk 1:32:43]} 7. Ne5
{[%clk 1:32:42]} Nc6 {[%clk 1:32:58]} 8. Bxc6 {[%clk 1:32:54]} bxc6
{[%clk 1:33:22]} 9. Nxc6 {[%clk 1:33:16]} Qe8 {[%clk 1:33:48]} 10. Nxe7+
{[%clk 1:33:34]} Qxe7 {[%clk 1:34:14]} 11. Na3 {[%clk 1:33:36]} Rd8
{[%clk 1:01:31]} 12. Qc2 {[%clk 1:33:01]} c5 {[%clk 0:45:04]} 13. dxc5
{[%clk 1:32:02]} Qxc5 {[%clk 0:45:20]} 14. Nxc4 {[%clk 1:22:06]} Ba6
{[%clk 0:43:43]} 15. b3 {[%clk 1:22:24]} Bxc4 {[%clk 0:42:37]} 16. Bb2
{[%clk 1:17:16]} Rdc8 {[%clk 0:33:56]} 17. Bxf6 {[%clk 1:10:14]} Ba6
{[%clk 0:31:22]} 18. Qxc5 {[%clk 1:08:47]} Rxc5 {[%clk 0:31:50]} 19. Bd4
{[%clk 1:06:52]} Rd5 {[%clk 0:31:46]} 20. Be3 {[%clk 1:06:03]} Bxe2
{[%clk 0:32:05]} 21. Rfc1 {[%clk 1:05:54]} Bf3 {[%clk 0:23:10]} 22. Bxa7
{[%clk 0:38:49]} Ra5 {[%clk 0:22:28]} 23. Be3 {[%clk 0:32:18]} Bd5
{[%clk 0:19:28]} 24. Rc3 {[%clk 0:31:29]} Ra3 {[%clk 0:17:31]} 25. Rac1
{[%clk 0:30:45]} g5 {[%clk 0:15:51]} 26. Rc8+ {[%clk 0:25:23]} Rxc8
{[%clk 0:15:38]} 27. Rxc8+ {[%clk 0:25:47]} Kg7 {[%clk 0:16:07]} 28. Rc2
{[%clk 0:24:59]} Kg6 {[%clk 0:16:17]} 29. Kf1 {[%clk 0:22:47]} h5
{[%clk 0:16:24]} 30. Ke2 {[%clk 0:21:50]} h4 {[%clk 0:16:12]} 31. gxh4
{[%clk 0:20:24]} gxh4 {[%clk 0:16:28]} 32. Rb2 {[%clk 0:16:13]} Ra8
{[%clk 0:16:17]} 33. a4 {[%clk 0:13:15]} Kf5 {[%clk 0:16:40]} 34. Kd3
{[%clk 0:12:00]} e5 {[%clk 0:16:29]} 35. Kc3 {[%clk 0:07:58]} h3 {[%clk 0:16:29]}
36. Rd2 {[%clk 0:07:30]} Bf3 {[%clk 0:12:37]} 37. Rd7 {[%clk 0:04:37]} Ke6
{[%clk 0:09:44]} 38. Ra7 {[%clk 0:04:56]} Rxa7 {[%clk 0:03:00]} 39. Bxa7
{[%clk 0:05:20]} Kd5 {[%clk 0:03:15]} 40. Kd2 {[%clk 0:32:18]} Bg4
{[%clk 0:33:21]} 41. Bb8 {[%clk 0:27:11]} Bf3 {[%clk 0:31:57]} 42. Bc7
{[%clk 0:22:50]} Bg4 {[%clk 0:29:27]} 43. Bd8 {[%clk 0:21:27]} Bf3
{[%clk 0:27:49]} 44. Be7 {[%clk 0:21:22]} Bg4 {[%clk 0:26:39]} 45. Bf6
{[%clk 0:18:19]} Bf3 {[%clk 0:25:48]} 46. Bh8 {[%clk 0:18:16]} Bg4
{[%clk 0:25:15]} 47. Bg7 {[%clk 0:18:39]} Bf3 {[%clk 0:25:10]} 48. Kc2
{[%clk 0:13:47]} Bg4 {[%clk 0:25:02]} 49. Kb2 {[%clk 0:13:30]} Bd1
{[%clk 0:24:13]} 50. Kc3 {[%clk 0:13:48]} Be2 {[%clk 0:23:47]} 51. Bf8
{[%clk 0:12:15]} Bd1 {[%clk 0:23:07]} 52. Be7 {[%clk 0:11:54]} Ke6
{[%clk 0:23:11]} 53. Bh4 {[%clk 0:12:00]} Kd5 {[%clk 0:23:17]} 54. Bf6
{[%clk 0:12:10]} Ke6 {[%clk 0:23:27]} 55. Bg7 {[%clk 0:12:27]} Kd5
{[%clk 0:23:42]} 56. Kb4 {[%clk 0:12:46]} Bc2 {[%clk 0:22:53]} 57. Kc3
{[%clk 0:11:50]} Bd1 {[%clk 0:23:08]} 58. Bh8 {[%clk 0:12:14]} Be2
{[%clk 0:22:59]} 59. Kd2 {[%clk 0:12:26]} Bf3 {[%clk 0:22:30]} 60. Bg7
{[%clk 0:12:44]} Bg4 {[%clk 0:21:35]} 61. b4 {[%clk 0:12:58]} Kc4
{[%clk 0:19:54]} 62. b5 {[%clk 0:13:05]} Kb4 {[%clk 0:19:32]} 63. b6
{[%clk 0:12:12]} Bc8 {[%clk 0:19:14]} 64. Bxe5 {[%clk 0:12:30]} Kxa4
{[%clk 0:19:28]} 65. Ke3 {[%clk 0:12:51]} Kb5 {[%clk 0:19:40]} 66. Bc7
{[%clk 0:13:15]} Kc6 {[%clk 0:19:48]} 67. Kf4 {[%clk 0:13:31]} Ba6
{[%clk 0:19:45]} 68. Kg4 {[%clk 0:13:49]} Bf1 {[%clk 0:19:57]} 69. Kg3 1/2-1/2

[Event "World Chess Olympiad 2018"]
[Site "Batumi"]
[Date "2018.10.02"]
[Round "8"]
[Board "3"]
[WhiteFideId "912123"]
[White "Nenezic Marko"]
[BlackFideId "944335"]
[Black "Draskovic Luka"]
[Result "1-0"]
[LiveChessVersion "1.4.8"]
[BlackElo "2449"]
[WhiteElo "2495"]

1. Nf3 {[%clk 1:30:40]} Nf6 {[%clk 1:30:33]} 2. c4 {[%clk 1:30:47]} e6
{[%clk 1:29:53]} 3. Nc3 {[%clk 1:30:31]} d5 {[%clk 1:28:32]} 4. d4
{[%clk 1:29:06]} dxc4 {[%clk 1:28:14]} 5. e3 {[%clk 1:26:30]} a6 {[%clk 1:28:37]}
6. a4 {[%clk 1:26:37]} b6 {[%clk 1:27:10]} 7. Bxc4 {[%clk 1:26:37]} Bb7
{[%clk 1:27:37]} 8. Qe2 {[%clk 1:23:34]} Bb4 {[%clk 1:26:03]} 9. O-O
{[%clk 1:23:23]} O-O {[%clk 1:19:22]} 10. Bd3 {[%clk 1:21:30]} Nc6
{[%clk 1:13:31]} 11. Rd1 {[%clk 1:18:39]} Qe7 {[%clk 0:53:28]} 12. e4
{[%clk 1:07:46]} e5 {[%clk 0:51:31]} 13. d5 {[%clk 1:03:44]} Nb8 {[%clk 0:33:41]}
14. Bg5 {[%clk 1:02:12]} h6 {[%clk 0:28:01]} 15. Bd2 {[%clk 1:02:01]} Ne8
{[%clk 0:26:20]} 16. Ne1 {[%clk 1:00:45]} Nd7 {[%clk 0:25:33]} 17. Nc2
{[%clk 1:00:50]} Bd6 {[%clk 0:21:13]} 18. Ne3 {[%clk 0:58:31]} g6
{[%clk 0:18:50]} 19. Nc4 {[%clk 0:52:45]} Kg7 {[%clk 0:19:14]} 20. Nxd6
{[%clk 0:46:24]} Nxd6 {[%clk 0:19:31]} 21. b4 {[%clk 0:46:36]} f5
{[%clk 0:16:58]} 22. exf5 {[%clk 0:40:48]} gxf5 {[%clk 0:17:00]} 23. Re1
{[%clk 0:37:15]} e4 {[%clk 0:12:06]} 24. Bc2 {[%clk 0:35:18]} Rae8
{[%clk 0:09:50]} 25. Bf4 {[%clk 0:32:26]} Ne5 {[%clk 0:09:37]} 26. Qh5
{[%clk 0:29:13]} Qf6 {[%clk 0:09:21]} 27. Re3 {[%clk 0:28:40]} Kh7
{[%clk 0:05:19]} 28. Rh3 {[%clk 0:20:12]} Nef7 {[%clk 0:05:26]} 29. Rd1
{[%clk 0:16:27]} Rg8 {[%clk 0:05:35]} 30. Ne2 {[%clk 0:14:56]} Rg6
{[%clk 0:03:42]} 31. Be3 {[%clk 0:10:13]} Reg8 {[%clk 0:02:31]} 32. Rg3
{[%clk 0:09:36]} Qb2 {[%clk 0:01:38]} 33. Nd4 {[%clk 0:07:25]} Bc8
{[%clk 0:02:03]} 34. Bb3 {[%clk 0:05:26]} Rxg3 {[%clk 0:01:20]} 35. hxg3
{[%clk 0:05:34]} f4 {[%clk 0:01:15]} 36. Bc1 {[%clk 0:03:28]} Qc3
{[%clk 0:01:36]} 37. Qe2 {[%clk 0:02:54]} Bg4 {[%clk 0:00:49]} 38. f3
{[%clk 0:03:00]} exf3 {[%clk 0:00:36]} 39. Qc2+ {[%clk 0:02:58]} Qxc2
{[%clk 0:01:05]} 40. Bxc2+ {[%clk 0:33:21]} Kg7 {[%clk 0:31:02]} 41. gxf3
{[%clk 0:33:17]} Bd7 {[%clk 0:30:18]} 42. Bxf4 {[%clk 0:33:22]} Kf6
{[%clk 0:29:58]} 43. Kf2 {[%clk 0:31:35]} Ng5 {[%clk 0:26:23]} 44. Kg2
{[%clk 0:29:57]} Bh3+ {[%clk 0:25:27]} 45. Kh2 {[%clk 0:29:43]} Bd7
{[%clk 0:25:49]} 46. Re1 {[%clk 0:28:50]} Re8 {[%clk 0:25:20]} 47. Rxe8
{[%clk 0:28:49]} Bxe8 {[%clk 0:24:03]} 48. g4 {[%clk 0:28:21]} Bf7
{[%clk 0:23:38]} 49. Bb3 {[%clk 0:28:12]} Bg6 {[%clk 0:23:02]} 50. Kg3
{[%clk 0:27:28]} Bd3 {[%clk 0:20:09]} 51. Ne6 {[%clk 0:22:56]} Nxe6
{[%clk 0:17:14]} 52. dxe6 {[%clk 0:23:20]} Bc4 {[%clk 0:17:24]} 53. Bxc4
{[%clk 0:19:16]} Nxc4 {[%clk 0:17:42]} 54. Bxc7 {[%clk 0:19:34]} Kxe6
{[%clk 0:17:30]} 55. Kh4 {[%clk 0:19:20]} Nd2 {[%clk 0:15:20]} 56. f4
{[%clk 0:19:06]} 1-0

[Event "World Chess Olympiad 2018"]
[Site "Batumi"]
[Date "2018.10.02"]
[Round "8"]
[Board "4"]
[WhiteFideId "921815"]
[White "Kalezic Blazo"]
[BlackFideId "950122"]
[Black "Ivic Velimir"]
[Result "1/2-1/2"]
[LiveChessVersion "1.4.8"]
[BlackElo "2472"]
[WhiteElo "2448"]

1. e4 {[%clk 1:30:56]} c5 {[%clk 1:30:52]} 2. Nf3 {[%clk 1:31:13]} d6
{[%clk 1:31:11]} 3. d4 {[%clk 1:31:23]} cxd4 {[%clk 1:31:35]} 4. Nxd4
{[%clk 1:31:47]} Nf6 {[%clk 1:31:58]} 5. Nc3 {[%clk 1:32:10]} a6 {[%clk 1:32:22]}
6. h3 {[%clk 1:32:34]} e6 {[%clk 1:30:55]} 7. g4 {[%clk 1:32:25]} Nfd7
{[%clk 1:30:17]} 8. Bg2 {[%clk 1:27:54]} Be7 {[%clk 1:30:22]} 9. Be3
{[%clk 1:27:06]} Nc6 {[%clk 1:28:37]} 10. Qe2 {[%clk 1:26:56]} O-O
{[%clk 1:20:40]} 11. O-O-O {[%clk 1:26:57]} Nxd4 {[%clk 1:13:21]} 12. Bxd4
{[%clk 1:23:35]} b5 {[%clk 1:10:56]} 13. e5 {[%clk 1:18:43]} d5 {[%clk 1:09:48]}
14. Qe3 {[%clk 1:15:36]} b4 {[%clk 0:59:52]} 15. Ne2 {[%clk 1:15:28]} a5
{[%clk 0:55:20]} 16. Kb1 {[%clk 1:14:34]} a4 {[%clk 0:52:48]} 17. f4
{[%clk 1:04:33]} b3 {[%clk 0:21:19]} 18. c4 {[%clk 1:02:59]} bxa2+
{[%clk 0:19:16]} 19. Ka1 {[%clk 0:59:22]} Bb7 {[%clk 0:14:56]} 20. f5
{[%clk 0:54:13]} Rc8 {[%clk 0:04:32]} 21. cxd5 {[%clk 0:45:37]} Nc5
{[%clk 0:03:55]} 22. Nf4 {[%clk 0:34:33]} Nb3+ {[%clk 0:04:05]} 23. Kxa2
{[%clk 0:34:54]} Bg5 {[%clk 0:03:03]} 24. Bc3 {[%clk 0:23:59]} exd5
{[%clk 0:02:59]} 25. h4 {[%clk 0:22:40]} Bxf4 {[%clk 0:01:33]} 26. Qxf4
{[%clk 0:23:00]} Nc5 {[%clk 0:00:46]} 27. Rd4 {[%clk 0:18:13]} Qb6
{[%clk 0:00:47]} 28. Rb4 {[%clk 0:18:29]} Qc7 {[%clk 0:00:42]} 29. Rd1
{[%clk 0:18:19]} a3 {[%clk 0:00:38]} 30. bxa3 {[%clk 0:14:35]} Ba6
{[%clk 0:00:51]} 31. Qd4 {[%clk 0:05:29]} Bc4+ {[%clk 0:00:42]} 32. Kb1
{[%clk 0:05:17]} Nb3 {[%clk 0:00:35]} 33. Qe3 {[%clk 0:03:33]} d4
{[%clk 0:00:51]} 34. Bxd4 {[%clk 0:02:39]} Bd5 {[%clk 0:01:21]} 35. Be4
{[%clk 0:02:12]} Bxe4+ {[%clk 0:00:43]} 36. Qxe4 {[%clk 0:02:35]} Nd2+
{[%clk 0:00:35]} 37. Rxd2 {[%clk 0:02:59]} Qc1+ {[%clk 0:01:04]} 38. Ka2
{[%clk 0:03:20]} Qxd2+ {[%clk 0:01:32]} 39. Bb2 {[%clk 0:02:58]} Rfe8
{[%clk 0:00:44]} 40. Rb7 {[%clk 0:30:58]} Rc3 {[%clk 0:30:33]} 41. Kb1
{[%clk 0:20:30]} Qd1+ {[%clk 0:12:34]} 42. Ka2 {[%clk 0:20:51]} Qd2
{[%clk 0:12:22]} 43. Kb1 {[%clk 0:20:39]} Qd1+ {[%clk 0:12:43]} 44. Ka2
{[%clk 0:21:01]} 1/2-1/2